00664 2200181 4500001002100000005001700021008004100038035002400079082001100103090002000114100001500134245016400149260006000313300004200373504002600415650002300441990001800464YOGYA-0313000000002020130301085124.0 ind  0010-031300000000020 a362.82 aSK 362.82 Dwi P aDWIJIYANTO aPeranan orangtua dalam pelaksanaan jam belajar sebagai usaha meningkatkan prestasi anak di desa karangtalun kecamatan Imogiri Kabupaten BantulcOleh Dwijiyanto aYogyakarta:bAkademi Kesejahteraan Sosial "AYPS",c1997 avi, 54(16) lbr.:bIlus.,lamp.;c29 cm aBibliografi : lbr. 55 aOrang tua dan anak a44241-PD/A.12